[Event "SRI-chB"]
[Site "Malabe"]
[Date "2015.06.20"]
[Round "3"]
[White "Amarasekara, Lakmal"]
[Black "Liyanapathirana, Pasan Vindula"]
[Result "0-1"]
[WhiteElo "1540"]
[BlackElo "1847"]
[PlyCount "64"]
[EventDate "2015.06.19"]
[EventType "swiss"]
[EventRounds "10"]
[EventCountry "SRI"]
[SourceTitle "CBM 167 Extra"]
[Source "ChessBase"]
[SourceDate "2015.09.14"]
[SourceVersion "1"]
[SourceVersionDate "2015.09.14"]
[SourceQuality "1"]

1. Nc3 d5 2. d4 Nf6 3. Bg5 e6 4. e3 c5 5. Nf3 Nc6 6. dxc5 Bxc5 7. a3 0-0 8. Be2 Bd7 9. 0-0 h6 10. Bh4 Be7 11. b4 Rc8 12. Nb5 a6 13. Nbd4 Ne4 14. Nxc6 Bxc6 15. Bxe7 Qxe7 16. Bd3 Qf6 17. Nd4 Bd7 18. c4 Nc3 19. Qb3 dxc4 20. Bxc4 b5 21. Bd3 e5 22. Ne2 e4 23. Nxc3 Rxc3 24. Qd5 Bc6 25. Qh5 exd3 26. Rfd1 Rd8 27. Ra2 Rd5 28. Qh3 Bd7 29. Qg3 d2 30. f4 Rc1 31. Qf3 Rxd1+ 32. Qxd1 Bg4 0-1